01451nam a22003737a 4500003000900000005001700009007000300026008004100029040002500070082002700095100002200122240004100144245010200185250001200287260004900299300002100348490003900369504003400408505001500442505007000457505006000527505004400587505008100631505009000712505004100802505003900843505002200882650002700904650002700931650002800958650002800986700002401014830003901038DO-SdBNP20250520140417.0ta220208b19681970ag ||| e |||| 001 0 spa d aDO-SdBNPbspacBNPHU 4a155.7bM612p, 197022210aMeyer, William J.1 aDevelopmental psychology lEspañol1 aLa psicología evolutiva y el proceso de la educación /cWilliam J Meyer ; trad. Andrés Pirk a2a. ed. aBuenos Aires, Argentina : bTroquel, c1970. a142 p. : c22 cm aBiblioteca de la nueva educación aBibliografía : p. 133-140. aPrólogo. aCapitulos I. Métodos y principios de la psicología evolutiva. aCapítulo II. Crecimiento físico y desarrollo motor. aCapítulo lll. Desarrollo intelectual. aCapítulo lV. Desarrollo cognoscitivo : adquisición de conceptos simples. aCapítulo V. Desarrollo cognoscitivo : adquisición de conceptos de orden superior. aCapítulo VI. Desarrollo emocional. aCapítulo VII. Desarrollo social. aBibliográfía.40aPsicología evolutiva 0aPsicología infantil  4aPsicología genética40aPsicología genética1 aPirk, Andrésetr. 0aBiblioteca de la nueva educación